Metodika prípravy a priebehu seminára
Seminár ako aktívna forma výučby na vysokej škole. Ukladanie úloh a kontrola plnenia. Priebeh seminárnej hodiny a jej formy.
Salvato in:
| Autore principale: | |
|---|---|
| Natura: | Capitolo di libro |
| Lingua: | slovacco |
| Soggetti: | |
| Tags: |
Nessun Tag, puoi essere il primo ad aggiungerne!!
|
MARC
| LEADER | 00000naa$a2200000$$$4500 | ||
|---|---|---|---|
| 001 | 0005884 | ||
| 005 | 20240502071350.5 | ||
| 041 | 0 | |a slo | |
| 044 | |a SK | ||
| 245 | 1 | 0 | |a Metodika prípravy a priebehu seminára |c aut. Judita Táncošová |
| 520 | |a Seminár ako aktívna forma výučby na vysokej škole. Ukladanie úloh a kontrola plnenia. Priebeh seminárnej hodiny a jej formy. | ||
| 610 | 2 | 0 | |a školy vysoké |
| 610 | 2 | 0 | |a semináre |
| 610 | 2 | 0 | |a učitelia |
| 610 | 2 | 0 | |a študenti |
| 100 | 1 | |a Táncošová, Judita | |